00493 2200181 4500001002100000005001500021035002000036007000300056008004100059082000800100084001400108100003300122245006300155250001000218260003900228300002800267650001600295INLIS00000000000010820170911023336 a0010-0917000094ta170911 f 0  a297 a297 DJA i0 aDjamaris, K.H. Zainal Arifin1 aIslam :bAqidah dan Syariah /cK.H. Zainal Arifin Djamaris aCet.1 aJakarta :bPusaka Ruh Islam,c1991 a282 hlm ;c15.5 X 23 Cm aAgama Islam